000 01048nam a2200277Ia 4500
003 GCL
008 140319s9999 xx 000 0 ara d
040 _aGCL /
_cGCL
082 0 4 _a658.4038011
_bث ن
100 1 _aثابت عبدالرحمن ادريس
245 1 0 _aنظم المعلومات الادارية فى المنظمات المعاصرة /
_cثابت عبدالرحمن ادريس
260 _aالقاهرة :
_bالدار الجامعية ،
_c2005
300 _a537 ص ؛
_c24 سم
650 0 4 _aادارة الاعمال
650 0 4 _aالادارة
650 0 4 _aقواعد البيانات
650 0 4 _aنظم المعلومات
650 0 4 _aالمعلومات
650 0 4 _aاتخاذ القرارات
650 0 4 _aالحاسبات الالكترونية - برامج
650 0 4 _aالاتصالات اللاسلكية
650 0 4 _aالتكنولوجيا - خدمات المعلومات
650 0 4 _aالإنترنت
650 0 4 _aالتكنولوجيا - برامج الحاسبات
942 _2ddc
_cBK
999 _c8307
_d8307